Tratado de la educación de las hijas (Record no. 8739)

MARC details
000 -CABECERA
campo de control de longitud fija 01024nam a2200289 a 4500
001 - NÚMERO DE CONTROL
campo de control BRCA_9089
003 - IDENTIFICADOR DEL NÚMERO DE CONTROL
campo de control FranzMayer
005 - FECHA Y HORA DE LA ÚLTIMA TRANSACCIÓN
campo de control 20230726110329.0
008 - DATOS DE LONGITUD FIJA--INFORMACIÓN GENERAL
campo de control de longitud fija 021017s1804----sp-#######---#000-0#spa-#
040 ## - FUENTE DE LA CATALOGACIÓN
Centro catalogador/agencia de origen MFM
Lengua de catalogación esp
Centro/agencia transcriptor MFM
041 ## - CÓDIGO DE LENGUA
Código de lengua del texto/banda sonora o título independiente spa
044 ## - CÓDIGO DEL PAÍS DE LA ENTIDAD EDITORA/PRODUCTORA
Código MARC del país sp
050 #4 - SIGNATURA TOPOGRÁFICA DE LA BIBLIOTECA DEL CONGRESO
Número de clasificación DCON2
Número de documento/Ítem S25 1804
082 ## - NÚMERO DE LA CLASIFICACIÓN DECIMAL DEWEY
Número de edición LC1422
100 1# - ENTRADA PRINCIPAL--NOMBRE DE PERSONA
Nombre de persona Salignac de la Motte Fenelos, Francisco de
9 (RLIN) 22463
245 10 - MENCIÓN DE TÍTULO
Título Tratado de la educación de las hijas
Mención de responsabilidad, etc. escrito en francés por el Ilmo. señor Don Francisco De Salignac De La Motte Fenelo, Arzobispo de Cambray ; traducido en español por Don Remigio Asensio, Presbítero.
260 ## - PUBLICACIÓN, DISTRIBUCIÓN, ETC.
Lugar de publicación, distribución, etc. Madrid
Nombre del editor, distribuidor, etc. En la Imprenta Real
Fecha de publicación, distribución, etc. 1804
300 ## - DESCRIPCIÓN FÍSICA
Extensión 202 p.
Dimensiones 15.2 x 11 cm.
500 ## - NOTA GENERAL
Nota general Con licencia
500 ## - NOTA GENERAL
Nota general Estado físico : presenta encuadernación en pergamino
500 ## - NOTA GENERAL
Nota general Donación del Arq. Sergio Aguilas Moreno
500 ## - NOTA GENERAL
Nota general Número de control : 00004
650 14 - PUNTO DE ACCESO ADICIONAL DE MATERIA--TÉRMINO DE MATERIA
Término de materia o nombre geográfico como elemento de entrada Mujeres
Subdivisión general Educación
Subdivisión cronológica Siglo XIX
9 (RLIN) 22464
700 1# - PUNTO DE ACCESO ADICIONAL--NOMBRE DE PERSONA
Nombre de persona Remigio Asensio
Término indicativo de función/relación tr.
9 (RLIN) 22465
902 ## - CATALOGADOR
Iniciales DCON
942 ## - ELEMENTOS DE PUNTO DE ACCESO ADICIONAL (KOHA)
Fuente del sistema de clasificación o colocación Library of Congress Classification
Tipo de ítem Koha Libros
Holdings
Estado de retiro Estado de pérdida Fuente del sistema de clasificación o colocación Estado dañado No para préstamo Código de colección Localización permanente Ubicación/localización actual Fecha de adquisición Fuente de adquisición Total de préstamos Signatura topográfica completa Código de barras Fecha visto por última vez Precio válido a partir de Tipo de ítem Koha
El ejemplar forma parte de la colección y puede ser consultado según las políticas vigentes.   Library of Congress Classification     Conventual Franz Mayer Biblioteca del Museo Franz Mayer (Rogerio Casas-Alatriste) Biblioteca del Museo Franz Mayer (Rogerio Casas-Alatriste) 02/10/2017 Donación   DCON2 S25 1804 DCON00002 22/03/2019 22/03/2019 Libros